Triple E Quiz Stats

 Plays Quiz Updated Dec 26, 2018

Support Sporcle.
Go Orange.
Score 0/30 Timer 08:00
0 Plays Today
Clue Word % Correct
Chosen by vote to office.elected
79.8%
In the US, a dish served as a main course.
In the UK, it may be served earlier.
entree
76.9%
Silicon, silver or sulfur.elements
76.5%
Style of sport that involves speed, height or danger.Extreme
67.2%
Built; constructed.erected
66.8%
Kind of adventure Bill & Ted had.excellent
64.6%
Scrooge.Ebenezer
62.5%
When Hannibal Lecter says he's 'having an old friend for dinner', he's employing a 'double ________'.entendre
62%
A football or cricket team, unless there's too many men on the field.eleven
53.7%
To fraudulently take assets or money that one has been entrusted with.embezzle
52.5%
Hillary's most famous conquest.
(Think Edmund, not Clinton.)
Everest
51.9%
A thin blade often used in the sport of fencing.épée
48.9%
Highly regarded or respected.esteemed
48.8%
Technology used to connect computers
over a local area network.
ethernet
48.4%
In theatre, the entire troup of singers or dancers.ensemble
46.6%
Clue Word % Correct
Oddly the two most famous Humperdincks in entertainment share this first name.Engelbert
45.7%
'Saint' named in the titles of an '80s TV medical drama and Gnarls Barkley's debut album.Elsewhere
36.4%
To give off bubbles of gas, like champagne or Pepsi.effervesce
34.5%
British female soul singer whose biggest hit to date is 'American Boy'.Estelle
28.7%
To come into view, like a ghost from the grave.emerge
26.9%
Just a cost of doing business.expense
25.4%
Like a journalist travelling with the army during wartime.embedded / entrenched
22.4%
Another name for cuspids or fangs.eyeteeth
20.8%
Streisand's 1976 Oscar-winning song, also called 'Love Theme from 'A Star Is Born''.Evergreen
18.2%
10th century English King, known as 'the Unready'.Ethelred
15.1%
Chemically concentrated liquid;
or a magazine for African-American women.
Essence
14.1%
County town of Devon, England that has lent its name to locations in 14 US states.Exeter
13.4%
Accomplished or brought about.effected / engender
8.9%
The quality of being without limit.endlessness
7.1%
Decadent, degenerate or unable to produce,
like Spiro Agnew's snobs.
effete
5.7%

From the Vault

Remove Ads.
Support Sporcle.
Get the best of Sporcle when you Go Orange. This ad-free experience offers more features, more stats, and more fun while also helping to support Sporcle. Thank you for becoming a member.

Show Comments

Extras

Top Quizzes Today


Score Distribution

Your Account Isn't Verified!

In order to create a playlist on Sporcle, you need to verify the email address you used during registration. Go to your Sporcle Settings to finish the process.

Report this User

Report this user for behavior that violates our Community Guidelines.

Details: